La question palestinienne / (Record no. 27866)
[ view plain ]
| 000 -LEADER | |
|---|---|
| fixed length control field | 00832nam a2200229 a 4500 |
| 001 - CONTROL NUMBER | |
| control field | 27866 |
| 003 - CONTROL NUMBER IDENTIFIER | |
| rucl marc code | BD-RjUL |
| 005 - DATE AND TIME OF LATEST TRANSACTION | |
| control field | 20211209051218.0 |
| 008 - FIXED-LENGTH DATA ELEMENTS--GENERAL INFORMATION | |
| fixed length control field | 140327s1967 ae b 10010 fre d |
| 035 ## - SYSTEM CONTROL NUMBER | |
| System control number | (BD-RjUL)27946 |
| 040 ## - CATALOGING SOURCE | |
| Original cataloging agency | ANL |
| Transcribing agency | ANL |
| Language of cataloging | eng |
| Modifying agency | BD-RjUL |
| 041 ## - LANGUAGE CODE | |
| Language code of text/sound track or separate title | eng |
| 082 00 - DEWEY DECIMAL CLASSIFICATION NUMBER | |
| Classification number | 956.94 |
| Edition number | 19 |
| Author mark and year | COL 1967 |
| 111 20 - MAIN ENTRY--MEETING NAME | |
| Meeting name or jurisdiction name as entry element | Colloque de Juristes Arabes sur la Palestine |
| Date of meeting | (1967 : |
| Location of meeting | Algiers, Algeria) |
| 9 (RLIN) | 85502 |
| 245 13 - TITLE STATEMENT | |
| Title | La question palestinienne / |
| Statement of responsibility, etc. | Colloque de juristes arabes sur la Palestine, Alger, 22-27 Juillet 1967. |
| 260 0# - PUBLICATION, DISTRIBUTION, ETC. (IMPRINT) | |
| Place of publication, distribution, etc. | Alger : |
| Name of publisher, distributor, etc. | Societe Nationale d'Edition et de Diffusion, |
| Date of publication, distribution, etc. | 1967. |
| 300 ## - PHYSICAL DESCRIPTION | |
| Pagination | 237 p. ; |
| Size | 23 cm. |
| 504 ## - BIBLIOGRAPHY, ETC. NOTE | |
| Bibliography, etc | Includes bibliographical references. |
| 650 #0 - SUBJECT ADDED ENTRY--TOPICAL TERM | |
| Topical term or geographic name as entry element | Jewish-Arab relations |
| General subdivision | Congresses. |
| 9 (RLIN) | 85503 |
| 651 #0 - SUBJECT ADDED ENTRY--GEOGRAPHIC NAME | |
| Geographic name | Palestine |
| General subdivision | Politics and government |
| -- | Congresses. |
| 9 (RLIN) | 85504 |
| 942 ## - ADDED ENTRY ELEMENTS (KOHA) | |
| Source of classification or shelving scheme | Dewey Decimal Classification |
| Koha item type | Books |
| Lost status | Source of classification or shelving scheme | Damaged status | Not for loan | Collection code | Permanent Location | Current Location | Shelving location | Date acquired | Source of acquisition | Total Checkouts | Full call number | Date last seen | Copy number | Koha item type |
|---|---|---|---|---|---|---|---|---|---|---|---|---|---|---|
| Dewey Decimal Classification | Added to bundle | Non-fiction | Central Library, University of Rajshahi | Central Library, University of Rajshahi | Reading Room | 27/03/1969 | Algerian Embasy, Gift. | 956.94 COL 1967 | 27/03/2014 | C-1 | Books |